Statistics for US Army Infantry Division Insignia

Click here to take the quiz!

General Stats

  • This quiz has been taken 11 times
  • The average score is 11 of 69

Answer Stats

Answer% Correct
Big Red One
100%
Rainbow Division
44%
Red Diamond
44%
Indianhead
44%
Tropic Lightning
44%
Rattlesnake Division
33%
Red Arrow
33%
Trident Division
33%
Cactus Division
33%
Blue and Gray
33%
Century
33%
Bayonet
33%
Arrowhead
33%
Ivy Division
33%
Fighting Sixty-Ninth
22%
Blue Helmets Division
22%
Viking Division
22%
Tough 'ombres
22%
Railsplitters
22%
Blackhawk Division
22%
Blood and Fire
22%
Golden Acorn
22%
Americal
22%
Red Bull
22%
Pathfinder
22%
Dixie Division
22%
Lafayette Division
22%
Lucky 13th
22%
Santa Fe
11%
Sightseeing Sixth
11%
Timberwolf Division
11%
Wildcat
11%
Cross of Lorraine Division
11%
Lightning
11%
Buffalo Soldiers Division
11%
Iron Men of Metz
11%
The Deadeye Division
11%
Buckeye
11%
Victory Division
11%
Yankee Division
11%
New York Division
11%
Iron Fist Division
11%
Thunderbird
11%
Iroquois
11%
Ozark
11%
Checkerboard Division
11%
Clover Leaf Division
11%
Delta Division
11%
Sunshine Division
11%
Neuf Cats Division
0%
Wild West Division
0%
Rolling W Division
0%
Argonauts
0%
Custer
0%
Thunderbolt
0%
Blue Ridge Division
0%
Liberty Bell Division
0%
Make Ready Division
0%
The Red Circle Division
0%
Trailblazers
0%
Battle-Axe Division
0%
Prepared In All Things Division
0%
Winged Victory Division
0%
Jungleers Division
0%
Cyclone
0%
Prairie
0%
Old Hickory Division
0%
Old Reliables
0%
Golden Lions Division
0%

Score Distribution

Percentile by Number Answered

Percent of People with Each Score

Your Score History

You have not taken this quiz